01118 2200325 4500001002100000005001500021035002000036007000300056008004100059336002100100337002300121338003800144040002200182245011500204300003100319020002200350082001700372084001900389264004500408500006900453852002000522856007600542850001200618100002500630650003200655700003100687504003000718990002200748990002200770INLIS00000000086732520211124020851 a0010-1121001406ta210708s2009 jkia gs ind d 2rdacontentateks 2rdamediaakomputer 2rdacarrierasumber sambung jaring aYOPDYOGbinderda10aEnjoying Bali :b110 tempat makan murah bujet Rp 15 Ribuan /cpenulis, Gagas Ulung; penyunting, Intan Hardiman a1 berkas komputer (9.0 MB) a978-979-22-4757-204223a915.9851 a915.9851 GAG e31aJakarta :bGramedia Pustaka Utama,c2009 aUntuk mengakses buku ini silakan unduh aplikasi http://ijogja.id8 aaplikasi iJogja40nPerpustakaan Digital iJogjauhttp://ijogja.id /publications/books/21024 aYOPDYOG0 aGagas Ulungepenulis 4aIndustri pariwisata--zBali0 aIntan Hardimanepenyunting aBibliografi : halaman 154 a003503-EPD/B.2017 a003504-EPD/B.2017